000
00263nam a2200109Ia 4500
008
190914s9999||||xx |||||||||||||| ||und||
100
_a
Ian Sommerville
245
0
_a
Software Engineering
260
_a
London
_b
World Scientific
_c
1999
300
_a
176
942
_c
BK
999
_c
8557
_d
8557